SASUKE: First Survivor (Part 4) Quiz Stats

 Plays Quiz not verified by Sporcle

Score 0/8 Timer 00:30
0 Plays Today
Obstacles Competitor % Correct
Tsuna Nobori (15 m)Kazuhiko Akiyama
94.1%
Heavenly Ladder (13 m)Yuuji Urushihara
88.2%
Tsuna Nobori (20 m)Yuuji Urushihara
88.2%
G-Rope (10 m)Yuuji Urushihara
88.2%
Tsuna Nobori (10 m)Makoto Nagano
82.4%
Spider Climb (12.5 m)Kane Kosugi
76.5%
Spider Climb (12 m)Tomohiro Kawaguchi
76.5%
Tsuna Nobori (12 m)Yusuke Morimoto
76.5%

You're not logged in!

Compare scores with friends on all Sporcle quizzes.
OR
Log In

Sporcle TV

Today on Sporcle TV


Watch our educational content, quiz creation guides, and fun videos on Sporcle TV.

Show Comments

Extras

Top Quizzes Today


Score Distribution

Your Account Isn't Verified!

In order to create a playlist on Sporcle, you need to verify the email address you used during registration. Go to your Sporcle Settings to finish the process.

Report this User

Report this user for behavior that violates our Community Guidelines.

Details: